Les Styles de l´Ornament (Record no. 4294)

MARC details
000 -CABECERA
campo de control de longitud fija 01255nam a2200253 a 4500
001 - NÚMERO DE CONTROL
campo de control BRCA_4589
005 - FECHA Y HORA DE LA ÚLTIMA TRANSACCIÓN
campo de control 20190320204728.0
008 - DATOS DE LONGITUD FIJA--INFORMACIÓN GENERAL
campo de control de longitud fija 240910s189u----gw-a######---#000-0#ger-#
041 ## - CÓDIGO DE LENGUA
Código de lengua del texto/banda sonora o título independiente ger
044 ## - CÓDIGO DEL PAÍS DE LA ENTIDAD EDITORA/PRODUCTORA
Código MARC del país gw
050 #4 - SIGNATURA TOPOGRÁFICA DE LA BIBLIOTECA DEL CONGRESO
Número de clasificación NK1175
Número de documento/Ítem .S64 1890
100 1# - ENTRADA PRINCIPAL--NOMBRE DE PERSONA
Nombre de persona Speltz, Alexandre
9 (RLIN) 11612
245 10 - MENCIÓN DE TÍTULO
Título Les Styles de l´Ornament
Resto del título Depuis les temps préhistoriques jusqu´au milieu du XIXième siècle
Mención de responsabilidad, etc. par Alexander Speltz.
260 ## - PUBLICACIÓN, DISTRIBUCIÓN, ETC.
Lugar de publicación, distribución, etc. Leipzig, Alemania
Nombre del editor, distribuidor, etc. A. Schumann´s
Fecha de publicación, distribución, etc. [189?]
300 ## - DESCRIPCIÓN FÍSICA
Extensión vi, 668 p.
Otras características físicas il.
Dimensiones 23 cm.
500 ## - NOTA GENERAL
Nota general Incluye tabla de materias, lista de obras más utilizadas y tabla alfabética de cifras de los materiales y temas, ademas de una colección de 3,500 ejemplares citados en orden cronológico y acompañados de un texto explicativo sobre la historia de cada época en cuanto al uso de los arquitectos, decoradores, los industriales y los amantes del arte
500 ## - NOTA GENERAL
Nota general Estado físico: encuadernación deteriorada y hojas desprendidas al inicio
500 ## - NOTA GENERAL
Nota general Edición francesa de acuerdo a la segunda edición alemana por Georges Lechevallier-Chevignard
500 ## - NOTA GENERAL
Nota general D24
650 14 - PUNTO DE ACCESO ADICIONAL DE MATERIA--TÉRMINO DE MATERIA
Término de materia o nombre geográfico como elemento de entrada Decoración y ornamentación
Subdivisión general Historia
9 (RLIN) 1924
700 1# - PUNTO DE ACCESO ADICIONAL--NOMBRE DE PERSONA
Nombre de persona Lechevallier-Chevignard, Georges
9 (RLIN) 11613
902 ## - CATALOGADOR
Iniciales GFM
942 ## - ELEMENTOS DE PUNTO DE ACCESO ADICIONAL (KOHA)
Fuente del sistema de clasificación o colocación Library of Congress Classification
Tipo de ítem Koha Libros
Holdings
Estado de retiro Estado de pérdida Estado dañado No para préstamo Localización permanente Ubicación/localización actual Fecha de adquisición Número de inventario Total de préstamos Signatura topográfica completa Código de barras Fecha visto por última vez Precio válido a partir de Tipo de ítem Koha
El ejemplar forma parte de la colección y puede ser consultado según las políticas vigentes.       Biblioteca del Museo Franz Mayer (Rogerio Casas-Alatriste) Biblioteca del Museo Franz Mayer (Rogerio Casas-Alatriste) 24/09/2010 D24   NK1175 .S64 1890 (D24) 4587 22/03/2019 22/03/2019 Libros